Normal view
MARC view
- Tahir, Hassan
Entry Corporate Name
001 - CONTROL NUMBER
- control field: 112027
003 - CONTROL NUMBER IDENTIFIER
- control field: NUST
005 - DATE AND TIME OF LATEST TRANSACTION
- control field: 20230502131443.0
008 - FIXED-LENGTH DATA ELEMENTS
- fixed length control field: 230502|| aca||aabn | a|a d
040 ## - CATALOGING SOURCE
- Original cataloging agency: NUST
- Transcribing agency: NUST
110 ## - HEADING--CORPORATE NAME
- Corporate name or jurisdiction name as entry element: Tahir, Hassan
670 ## - SOURCE DATA FOUND
- Source citation: Work cat.: (NUST): Javed, Yonus 112026, Optimized Security Protocol for Wireless Sensor Networks:, 2012.
